000 00948cam a2200301Mi 4500
001 81719
005 20230410123921.0
008 070308s2006 mx 000 0 spa d
035 _a(OCoLC)ocn255726232
040 _aGyGoGBV
_erakwb
_bger
_cGBVCP
020 _a9702710340
020 _a9789702710349
035 _a(OCoLC)255726232
050 1 4 _aLA 422
_bR332 2006
082 0 0 _a378.72
049 _aGRAL
245 0 0 _aReflexiones y propuestas universitarias en la sociedad de cambio /
_cRosa Martha Romo Beltrán (coord.).
260 _aGuadalajara, Jal., Mexico :
_bUniv.,
_c2006.
300 _a241 p.
650 0 _aEducational change
_zMexico.
650 0 _aUniversities and colleges
_zMexico
_xSociological aspects.
650 4 _aCambio educativo
_zMéxico
650 4 _aUniversidades y colegios
_zMexico
_xAspectos sociológicos
700 1 _aRomo Beltran, Rosa Martha.
942 _2lcc
_cbk
994 _aC0
_bDRFGD
946 _anc
999 _c68182
_d68182